Statistics for States of Origin - American Popular Music

Click here to take the quiz!

General Stats

  • This quiz has been taken 5,635 times
  • The average score is 8 of 10

Answer Stats

Points State % Correct
39,479California
99%
36,488New York
99%
12,350Texas
93%
9,402Florida
90%
6,560Tennessee
81%
8,837Illinois
77%
12,913Georgia
72%
12,941Michigan
69%
9,363New Jersey
62%
10,292Pennsylvania
60%

Score Distribution

Percentile by Number Answered

Percent of People with Each Score

Your Score History

You have not taken this quiz